000 00978nam a2200265Ia 4500
003 OSt
005 20221005111120.0
006 a|||||r|||| 00| 0
007 ta
008 221004b |||||||| |||| 00| 0 hin d
020 _a8181430557 (hbk)
_c200
024 _a98375
037 _b560, 23/03/2009, Vani Prakashan
_cTextual
040 _aCRL
_cCRL
_bhin
041 _2hin
_ahin
082 _aO152(w,1):g, P3
100 _aचतुर्वेदी, पंकज
245 0 _aआत्मा की संस्कृति
_b सन्दर्भ
246 _aĀtmā kī sanskṛuti: sandarbha: apanī kha़bara
260 _aनई दिल्ली
_bवाणी प्रकाशन भारत
_c2003
300 _a158पृ0
_ccm.
650 _aहिन्दी साहित्य
942 _hO152(w,1):g, P3
_cTEXL
_2cc
999 _c1020870
_d1020870